| 000 | 01278 a2200289 4500 | ||
|---|---|---|---|
| 999 |
_c6794 _d6794 |
||
| 020 | _a0415086329 | ||
| 020 | _a0415086337 (pbk.) | ||
| 050 | 0 | 0 | _aAM7. HOO 2000 |
| 100 | 1 |
_aHooper-Greenhill, Eilean, _d1945- _eeditor |
|
| 245 | 1 | 0 |
_aMuseums and the interpretation of visual culture / _c editor Eilean Hooper-Greenhill. |
| 264 |
_aLondon: _bRoutledge., _c2000 |
||
| 300 |
_axiv, 195 p. : _bill. ; |
||
| 440 | 0 | _aMuseum meanings | |
| 500 | _aIncludes bibliographical references (p. 176-190) and index. | ||
| 504 | _aIncludes bibliographical references (p. 176-190) and index. | ||
| 650 | 0 |
_aMuseums _xPhilosophy. |
|
| 650 | 0 |
_aMuseums _xEducational aspects. |
|
| 650 | 0 | _aMuseum exhibits. | |
| 650 | 0 | _aVisual communication. | |
| 650 | 0 | _aVisual learning. | |
| 650 | 0 | _aVisual perception. | |
| 650 | 0 | _aCommunication and culture. | |
| 856 | 4 | 2 |
_3Publisher description _uhttp://www.loc.gov/catdir/enhancements/fy0648/00032182-d.html |
| 856 | 4 | 2 |
_3Contributor biographical information _uhttp://www.loc.gov/catdir/enhancements/fy1113/00032182-b.html |
| 942 |
_2lcc _cBK _h7 _iHOO _kAM |
||